01856nkc a2200277za 450000100060000000300040000600500170001000700070002700800410003404000240007510000450009924500960014426000570024030000910029750001330038850001860052150000650070750000890077250002980086161000470115965100180120665500320122485200220125685601500127885601500142884538OSt20260421113949.0kh boc250410s19001909sp ||||| ||||||0| i|spa d cM-RABAaM-RABAbspa aVidal Fernández, Eduardo d(1867-1920)11a[Torre mudéjar del Salvadorb: Teruel]c/ Eduardo Vidal Fernándezh[Material gráfico] aCalatayudb; Encuentro, 4. E. Vidalc, [1900 - 1909] a2 fotografíasb: gelatina c; imagen 16,5 x 22,5 cmc; soporte secundario 24 x 33 cm aConjunto de dos fotografías que representan vistas de la torre de El Salvador, en Teruel, desde diferentes calles y ángulos. aMontadas sobre soporte secundario de cartón, con orla y sello gofrados en relieve. En la parte inferior aparece el sello del fotógrafo y la localización del estudio en dorado. aAl pie, sobre el soporte "E. Vidal, Encuentro, 4, Calatayud" aLas fotografías presentan un cierto desvanecimiento y decoloración de la imagen. aFechas tomadas del periodo del estudio que tuvo abierto en Calatayud. Información obtenida de Pérez Sánchez, A. (2013), “Zoom a los fotógrafos de Teruel”, Teruel en el cambio de siglo. Fotografía de Jaime Fernández Fuertes (1852-1928), Instituto de Estudios Turolenses. Teruel.27aTorre de San Salvador (cTeruel, España) 7aTeruel2embne 0aFotografías de monumentos jFot-594 ; Fot-595 3Fot-594uhttps://archivoybiblioteca.realacademiabellasartessanfernando.com/cgi-bin/koha/opac-retrieve-file.pl?id=72936a84696c288ad0425bc90002f03c 3Fot-595uhttps://archivoybiblioteca.realacademiabellasartessanfernando.com/cgi-bin/koha/opac-retrieve-file.pl?id=42708bc59f5275867b3b625837546fab